header

Teach yourself visually wireless networking / (Record no. 255859)

MARC details
000 -LEADER
fixed length control field 01525cam a22003857a 4500
001 - CONTROL NUMBER
control field 13164560
003 - CONTROL NUMBER IDENTIFIER
control field OSt
005 - DATE AND TIME OF LATEST TRANSACTION
control field 20170301105835.0
008 - FIXED-LENGTH DATA ELEMENTS--GENERAL INFORMATION
fixed length control field 030416s2004 onca 001 0 eng d
010 ## - LIBRARY OF CONGRESS CONTROL NUMBER
LC control number 2003105638
015 ## - NATIONAL BIBLIOGRAPHY NUMBER
National bibliography number GBA3-V6493
020 ## - INTERNATIONAL STANDARD BOOK NUMBER
International Standard Book Number 076454134X
035 ## - SYSTEM CONTROL NUMBER
System control number (OCoLC)ocm52784536
040 ## - CATALOGING SOURCE
Original cataloging agency UKM
Transcribing agency UKM
Modifying agency UOK
-- TEF
-- UMC
-- OCL
-- DLC
042 ## - AUTHENTICATION CODE
Authentication code lccopycat
050 00 - LIBRARY OF CONGRESS CALL NUMBER
Classification number TK5103.2
Item number .C37 2004
082 04 - DEWEY DECIMAL CLASSIFICATION NUMBER
Classification number 004.68
Edition number 21
100 1# - MAIN ENTRY--PERSONAL NAME
Personal name Carter, Todd W.
245 10 - TITLE STATEMENT
Title Teach yourself visually wireless networking /
Statement of responsibility, etc by Todd W. Carter and Paul Whitehead.
246 3# - VARYING FORM OF TITLE
Title proper/short title Wireless networking
260 ## - PUBLICATION, DISTRIBUTION, ETC. (IMPRINT)
Place of publication, distribution, etc Mississauga, Ont. :
Name of publisher, distributor, etc maranGraphics ;
Place of publication, distribution, etc Hoboken, NJ :
Name of publisher, distributor, etc Wiley,
Date of publication, distribution, etc c2004.
300 ## - PHYSICAL DESCRIPTION
Extent 287 p. :
Other physical details col. ill. ;
Dimensions 23 cm.
440 #0 - SERIES STATEMENT/ADDED ENTRY--TITLE
Title Visual read less, learn more
500 ## - GENERAL NOTE
General note Includes index.
650 #0 - SUBJECT ADDED ENTRY--TOPICAL TERM
Topical term or geographic name as entry element Home computer networks.
Topical term or geographic name as entry element Wireless communication systems.
700 1# - ADDED ENTRY--PERSONAL NAME
Personal name Whitehead, Paul,
Dates associated with a name 1965-
856 41 - ELECTRONIC LOCATION AND ACCESS
Materials specified Table of contents only
Uniform Resource Identifier <a href="http://www.loc.gov/catdir/toc/wiley041/2003105638.html">http://www.loc.gov/catdir/toc/wiley041/2003105638.html</a>
Materials specified Contributor biographical information
Uniform Resource Identifier <a href="http://www.loc.gov/catdir/enhancements/fy0615/2003105638-b.html">http://www.loc.gov/catdir/enhancements/fy0615/2003105638-b.html</a>
Materials specified Publisher description
Uniform Resource Identifier <a href="http://www.loc.gov/catdir/enhancements/fy0615/2003105638-d.html">http://www.loc.gov/catdir/enhancements/fy0615/2003105638-d.html</a>
906 ## - LOCAL DATA ELEMENT F, LDF (RLIN)
a 7
b cbc
c copycat
d 2
e epcn
f 20
g y-gencatlg
942 ## - ADDED ENTRY ELEMENTS (KOHA)
Source of classification or shelving scheme Library of Congress Classification
Koha item type Long Loan Books
Holdings
Withdrawn status Lost status Source of classification or shelving scheme Damaged status Not for loan Collection code Home library Current library Shelving location Date acquired Total Checkouts Full call number Barcode Date last seen Price effective from Koha item type
    Library of Congress Classification     Non-fiction Rongo University Library Rongo University Library General Stacks 01/03/2017   TK5103.2 .C37 2004 201617697 01/03/2017 01/03/2017 Long Loan Books

© 2026 Rongo University
Contact us: librarian | system librarian | Rongo university